000 00497nam a2200181Ia 4500
001 8213
005 20260306160552.0
008 260306t2015||||xx |||||||||||||| ||spa||
041 _aESP
082 _a370.15
_bM43C
100 _aMerino Tejedor, Enrique
_eAUT
245 0 _aPrácticas de psicología del aprendizaje:
_baplicadas al grado de educación primaria. Cuadernillo
260 _c2015
300 _a70 páginas :
_c24 cm.
650 _aGEN
654 _aCED
942 _cLIB
_dJUS
_fJUS
_2ddc
_n
999 _c8213
_d8213